Ανώτερα μαθηματικά

Αποθηκεύτηκε σε:
Λεπτομέρειες βιβλιογραφικής εγγραφής
Κύριος συγγραφέας: Κυβεντίδης, Θωμάς Α., 1947-
Μορφή: Βιβλίο
Γλώσσα:Greek
Δημοσίευση: Θεσσαλονίκη : Εκδόσεις Ζήση, 2005.
Θέματα:
Ετικέτες: Προσθήκη ετικέτας
Δεν υπάρχουν, Καταχωρήστε ετικέτα πρώτοι!

MARC

LEADER 00000cam a2200000 i 4500
001 1/87622
008 080603s2005 gr | ||| |||| ||gre||
020 |a 9604319515 (set) 
020 |a 9604319507 
035 |l 10097918 
040 |a GR-MyUA  |b gre  |e AACR2 
041 0 |a gre 
082 0 |a 515  |2 (22) 
100 1 |a Κυβεντίδης, Θωμάς Α.,   |d 1947- 
245 1 0 |a Ανώτερα μαθηματικά /   |c Κυβεντίδης Θωμάς.  
260 |a Θεσσαλονίκη :   |b Εκδόσεις Ζήση,   |c 2005.  
300 |a 1 τ. (489 σ.) ;   |c 24 εκ.  
500 |a Διανυσματική Ανάλυση - Σειρές Fourier - Μιγαδικές Συναρτήσεις - Διαφορικές Εξισώσεις - Εξισώσεις Διαφορών.  
504 |a Περιέχει βιβλιογραφικές αναφορές και ευρετήριο.  
650 0 0 |a Calculus. 
650 0 0 |a Fourier series. 
650 0 0 |a Vector analysis. 
650 0 0 |a Functions of complex variables. 
650 0 0 |a Differential equations. 
852 |a INST  |b SAMOS  |e 20080603  |h 515 ΚΥΒ  |p 005300030250  |q 005300030250  |t BK  |y 0  |z τ.3 
852 |a INST  |b SAMOS  |e 20080603  |h 515 ΚΥΒ  |p 005300030250  |q 005300030250  |t BK  |v τ.3:  |y 0  |z τ.3 
853 |a INST  |b SAMOS  |h 515 ΚΥΒ 
901 |a BIBL3-2008-2 
909 |a Σ  |b 141527 
922 |a 3ΕΛΗ  |b 200711  |c ΕΠΕΑΕΚ2/ΤΜΗΜΑ ΜΑΘΗΜΑΤΙΚΩΝ  |d ΠΑΤΑΚΗΣ 
970 |a ΡΟΥΣΣΟΥ  |b ΚΩΝΣΤΑΝΤΙΝΑ  |z 2008/06/03